Percepciones soviéticas de los Estados Unidos
Sábháilte in:
| Príomhchruthaitheoir: | |
|---|---|
| Formáid: | Téacs |
| Foilsithe / Cruthaithe: |
México, D.F.:
N.O.E.M.A.
|
| Clibeanna: |
Cuir clib leis
Níl clibeanna ann, Bí ar an gcéad duine le clib a chur leis an taifead seo!
|
MARC
| LEADER | 00000 a a2200000 04500 | ||
|---|---|---|---|
| 001 | 22413 | ||
| 003 | |||
| 040 | |||
| 090 | |a 152800 | ||
| 100 | |a Schwartz, Morton | ||
| 245 | |a Percepciones soviéticas de los Estados Unidos | ||
| 260 | |a México, D.F.: |b N.O.E.M.A. | ||
| 300 | |a 171 p | ||
| 999 | |c 1923 |d 1923 | ||
